LEADER 01267nam0 2200337 450 001 000026476 005 20100318093219.0 100 $a20090818d1902----km-y0itay50------ba 101 0 $aita$agre 102 $aIT 200 1 $aMedea$etesto e commento$fEuripide$gper cura di Augusto Balsamo 210 $aFirenze$c<> Le Monnier$d1902 (Soc. Tip. Fiorentina) 215 $aXXV, 170 p.$cill.$d20 cm. 225 2 $aNuova collezione di autori greci e latini 300 $aTesto greco con commento in italiano 300 $aFirma autogr. all'interno: De Pilato 300 $aLire 2.50 410 1$12001$aNuova collezione di autori greci e latini 676 $a882$v(21. ed.)$9Poesia drammatica e letteratura drammatica greca classica 700 0$aEuripides$0229973 702 1$aBalsamo,$bAugusto 801 0$aIT$bUniversità della Basilicata - B.I.A.$gRICA$2unimarc 912 $a000026476 996 $aM?deia$914202 997 $aUNIBAS BAS $aLETTERE CAT $aTTM$b30$c20090818$lBAS01$h1609 CAT $aTTM$b30$c20100318$lBAS01$h0913 CAT $aTTM$b30$c20100318$lBAS01$h0932 FMT Z30 -1$lBAS01$LBAS01$mBOOK$1BASA1$APolo Storico-Umanistico$2FDEP2$BFondo De Pilato Biscione$3FD/108515$6108515$5L108515$820090818$f52$FRari LEADER 00840nam a2200205 i 4500 001 991004264838507536 005 20230213171050.0 008 200805s2022 it aaa e 001 0 ita c 020 $a9788869062315 040 $aBibl. Interfacoltà T. Pellegrino$bita 082 0 $a945.7250915 100 1 $aCostanzo, Salvatore$09725 245 00$aMarcianise e la cartografia storica sulla scena europea (1558-1961) :$bartefici, processi evolutivi e trasformazione dei luoghi: da Pirro Ligorio al Beguinot /$cSalvatore Costanzo 260 $aNapoli :$bGiannini,$c2022 300 $a349 p., [4] p. di tav :$bill. ;$c29 cm 500 $aIn appendice: Documenti e carteggi 650 7$aMarcianise$xCartografia antica 912 $a991004264838507536 996 $aMarcianise e la cartografia storica sulla scena europea (1558-1961)$92960579 997 $aUNISALENTO LEADER 01500nam a2200289 i 4500 001 991002156799707536 005 20240410152257.0 008 010926s1937 it erl ||1 | ita d 035 $ab11616842-39ule_inst 035 $aLE02731460$9ExL 040 $aDip.to Studi Giuridici$bita$dSocioculturale Scs 041 0 $aita 082 0 $a347.450502632$223. 110 2 $aRegia Universita degli studi :$bFacoltà di giurisprudenza$0529029 245 00$aParere della facoltà di giurisprudenza a S. E. il ministro della giustizia sul progetto preliminare del codice di procedura civile /$crelazione del prof. Piero Calamandrei 260 $aFirenze :$bPoligrafica universitaria,$cstampa 1937 300 $a154 p. ;$c26 cm 490 1 $aPubblicazioni della R. Università degli studi di Firenze. Facoltà di giurisprudenza ;$v13 650 4$aProcedura civile$zItalia 700 1 $aCalamandrei, Piero$eauthor$4http://id.loc.gov/vocabulary/relators/aut$062849 830 0$aPubblicazioni della R. Università degli studi di Firenze.$pFacoltà di giurisprudenza ;$v13 907 $a.b11616842$b01-03-17$c02-07-02 912 $a991002156799707536 945 $aLE027 347.45 CAL01.01$g1$i2027000201389$lle027$o-$pE0.00$q-$rl$s-$t0$u1$v0$w1$x0$y.i11833105$z02-07-02 996 $aParere della facoltà di giurisprudenza a S. E. il ministro della giustizia sul progetto preliminare del codice di procedura civile$91452034 997 $aUNISALENTO 998 $ale027$b01-01-01$cm$da$e-$fita$git$h0$i1